000 01076nam a2200265 a 4500
001 BRCA_8479
003 FranzMayer
005 20230724103221.0
008 150316s1782----sp-#######---#000-0#spa-#
040 _aMFM
_besp
_cMFM
041 _aspa
044 _asp
084 _aBE8
_b.Z36 1782
100 1 _aZamora, Juan de
_921255
245 1 0 _aEl eclesiastico perfecto
_csu autor el R. P. Fr. Juan de Zamora, ex-lector dos veces de Sagrada Teologia, Juez Examinador Synodal de el Arzobispado de Toledo, y Misionero Apostólico, de el Orden de Menores Capuchinos, en esta Provincia de las dos Castillas.
260 _aMadrid
_bEn la Imprenta de D. Pedro Marin
_c1782
300 _a454 p. (2da. impresión)
_c21 x 15 cm.
500 _aEstado físico : carece de últimas páginas y lomo semidesprendido
500 _aLibro en sala de exhibiciones artes decorativas 1, dentro del Museo Franz Mayer
650 1 4 _aVida monaìstica y religiosa
_921256
650 1 4 _aEjercicios espirituales
_921257
650 1 4 _aRetiros espirituales
_921258
902 _aCFM
942 _2lcc
_cB
999 _c8146
_d8146